Normal view
MARC view
Entry Personal Name
001 - CONTROL NUMBER
- control field: 45127
003 - CONTROL NUMBER IDENTIFIER
- control field: OSt
005 - DATE AND TIME OF LATEST TRANSACTION
- control field: 20230524205731.0
008 - FIXED-LENGTH DATA ELEMENTS
- fixed length control field: 230524|| aca||aabn | a|a d
040 ## - CATALOGING SOURCE
- Original cataloging agency: OSt
- Transcribing agency: OSt
100 ## - HEADING--PERSONAL NAME
- Personal name: Ashlee Vance
670 ## - SOURCE DATA FOUND
- Source citation: Work cat.: (OSt)60751: Ashlee Vance, Elon Musk : How the Billionaire ceo of Spacex and Tesla is Shaping our Future, 2020
